Lingea veľký slovník nemecko-slovenský a slovensko-nemecký

Salvato in:
Dettagli Bibliografici
Natura: Libro
Lingua:tedesco
slovacco
Pubblicazione: Bratislava LINGEA 2011
Edizione:2. vyd.
Soggetti:
Tags: Aggiungi Tag
Nessun Tag, puoi essere il primo ad aggiungerne!!

MARC

LEADER 00000nam a2200000 4500
001 0143390
005 20240318113215.5
020 |a 978-80-89323-69-2 
041 0 |a ger 
041 0 |a slo 
044 |a SK 
245 1 0 |a Lingea veľký slovník nemecko-slovenský a slovensko-nemecký 
250 |a 2. vyd. 
264 1 |a Bratislava  |b LINGEA  |c 2011 
300 |a 1563 s.  |e DVD "Slovník platinum, velký/veľký, ekonomický, technický, lékařský/lekársky slovník" 
610 2 0 |a jazykoveda 
610 2 0 |a terminológia 
610 2 0 |a jazyky cudzie